[Event "Valencia Burjassot U2200 op 2nd"]
[Site "Valencia"]
[Date "2014.10.17"]
[Round "6.4"]
[White "Cubells Izquierdo, Jose"]
[Black "Conejero Gimenez, Jose Melchor"]
[Result "1/2-1/2"]
[WhiteElo "1689"]
[BlackElo "1971"]
[PlyCount "58"]
[EventDate "2014.09.12"]
[EventType "swiss"]
[EventRounds "7"]
[EventCountry "ESP"]
[SourceTitle "EXT 2024"]
[Source "ChessBase"]
[SourceDate "2023.10.10"]
[SourceVersion "1"]
[SourceVersionDate "2023.10.10"]
[SourceQuality "1"]

1. e4 e5 2. Bc4 Nf6 3. d3 h6 4. Nf3 Nc6 5. Be3 Be7 6. h3 d6 7. Nc3 Na5 8. Bb3 Nxb3 9. axb3 a6 10. 0-0 0-0 11. Nh2 Nh7 12. f4 exf4 13. Bxf4 Bg5 14. Qf3 Bxf4 15. Qxf4 Qg5 16. Nd5 Qxf4 17. Rxf4 c6 18. Ne7+ Kh8 19. Nxc8 Raxc8 20. Raf1 Kg8 21. Ng4 Ng5 22. Ne3 Ne6 23. Rg4 h5 24. Rg3 Nd4 25. Rf2 Kh7 26. c3 Nxb3 27. Nf5 g6 28. Nxd6 Rc7 29. d4 c5 1/2-1/2

[Event "Provincial-ch Gandia Primera"]
[Site "Gandia"]
[Date "2013.11.02"]
[Round "4.4"]
[White "Cubells Izquierdo, Jose"]
[Black "Fenollar Bataller, David"]
[Result "1-0"]
[WhiteElo "1650"]
[BlackElo "1868"]
[PlyCount "40"]
[EventDate "2013.10.05"]
[EventType "swiss"]
[EventRounds "7"]
[EventCountry "ESP"]
[SourceTitle "EXT 2024"]
[Source "ChessBase"]
[SourceDate "2023.10.10"]
[SourceVersion "1"]
[SourceVersionDate "2023.10.10"]
[SourceQuality "1"]

1. e4 d5 2. exd5 Qxd5 3. Nc3 Qd8 4. Bc4 Nf6 5. Nf3 c6 6. h3 Bf5 7. d3 e6 8. 0-0 Bd6 9. Re1 Nbd7 10. Nd4 0-0 11. Nxf5 exf5 12. Qf3 g6 13. d4 Nb6 14. Bb3 Qd7 15. Bg5 Nh5 16. g4 fxg4 17. hxg4 Ng7 18. Ne4 Be7 19. Bxe7 Qxd4 20. c3 Qxf2+ 1-0

[Event "Burjassot Provincial-ch Primera"]
[Site "Burjassot"]
[Date "2011.11.19"]
[Round "6.9"]
[White "Montoliu Costa, Francisco Angel"]
[Black "Cubells Izquierdo, Jose"]
[Result "0-1"]
[WhiteElo "1703"]
[BlackElo "1747"]
[PlyCount "48"]
[EventDate "2011.10.01"]
[EventType "swiss"]
[EventRounds "7"]
[EventCountry "ESP"]
[SourceTitle "EXT 2024"]
[Source "ChessBase"]
[SourceDate "2023.10.10"]
[SourceVersion "1"]
[SourceVersionDate "2023.10.10"]
[SourceQuality "1"]

1. d4 Nf6 2. c4 e6 3. Nc3 d5 4. cxd5 Nxd5 5. e4 Nxc3 6. bxc3 Be7 7. Nf3 0-0 8. Bd3 c5 9. 0-0 b6 10. Qc2 Ba6 11. Rd1 Bxd3 12. Rxd3 Qc7 13. Bb2 cxd4 14. Nxd4 Na6 15. a3 Nc5 16. Rg3 Bf6 17. Rh3 g6 18. Qe2 Rfd8 19. Qe3 Bg7 20. Qe2 Qf4 21. f3 e5 22. Nc6 Rd2 23. Qb5 Qe3+ 24. Kh1 Nd3 0-1